Grey's Anatomy Characters by Picture Quiz Stats

 Plays Quiz Updated Jan 30, 2015

Challenge
Share
Tweet
Score 0/20 Timer 04:00
18 Plays Today
% Correct
Meredith Grey
99%
Derek Shepherd
96.1%
Cristina Yang
93.9%
Alex Karev
93.7%
George O'Malley
93.2%
Miranda Bailey
93.2%
Lexie Grey
92%
Mark Sloan
91.3%
Callie Torres
90.4%
Izzie Stevens
89.4%
% Correct
Richard Webber
88.1%
Owen Hunt
87.4%
Arizona Robbins
87%
Preston Burke
84.2%
Jackson Avery
84.2%
April Kepner
82.9%
Addison Montgomery
82.2%
Jo Wilson
73.4%
Erica Hahn
65.1%
Stephanie Edwards
55.5%

You're not logged in!

Compare scores with friends on all Sporcle quizzes.
Join for Free
OR
Log In

You Might Also Like...

Show Comments

Extras

Top Quizzes Today


Score Distribution

Your Account Isn't Verified!

In order to create a playlist on Sporcle, you need to verify the email address you used during registration. Go to your Sporcle Settings to finish the process.

Report this User

Report this user for behavior that violates our Community Guidelines.

Details: